[Event "Winnipeg TNT April op"]
[Site "Winnipeg CAN"]
[Date "2012.04.03"]
[Round "1"]
[White "Leaden, Bruce"]
[Black "Kaptsan, Aron"]
[Result "0-1"]
[WhiteElo "1467"]
[BlackElo "1953"]
[PlyCount "48"]
[GameId "2160767909509926"]
[EventDate "2012.04.03"]
[EventType "swiss"]
[EventRounds "4"]
[EventCountry "CAN"]
[SourceTitle "EXT 2022"]
[Source "ChessBase"]
[SourceDate "2021.10.06"]
[SourceVersion "1"]
[SourceVersionDate "2021.10.06"]
[SourceQuality "1"]

1. e4 e5 2. Nf3 Nc6 3. Bb5 a6 4. Ba4 Nf6 5. d3 d6 6. O-O Be7 7. Be3 O-O 8. Nbd2 Ng4 9. Qe2 f5 10. h3 Nf6 11. Bg5 h6 12. Bxf6 Bxf6 13. Bb3+ Kh8 14. exf5 Bxf5 15. g4 Bd7 16. Bd5 Bg5 17. Ne4 Bf4 18. Kg2 Ne7 19. Nc3 Nxd5 20. Nxd5 c6 21. Nxf4 Rxf4 22. Qd2 c5 23. Nh2 Qg5 24. f3 Rxg4+ 0-1

[Event "Winnipeg TNT April op"]
[Site "Winnipeg CAN"]
[Date "2012.04.03"]
[Round "1"]
[White "Li, Kevin"]
[Black "Cleto, Sam"]
[Result "1-0"]
[WhiteElo "2221"]
[BlackElo "1840"]
[PlyCount "77"]
[GameId "2160767909509927"]
[EventDate "2012.04.03"]
[EventType "swiss"]
[EventRounds "4"]
[EventCountry "CAN"]
[SourceTitle "EXT 2022"]
[Source "ChessBase"]
[SourceDate "2021.10.06"]
[SourceVersion "1"]
[SourceVersionDate "2021.10.06"]
[SourceQuality "1"]

1. e4 e5 2. Nf3 Nc6 3. Bb5 a6 4. Bxc6 bxc6 5. O-O d6 6. d4 Nf6 7. dxe5 dxe5 8. Qxd8+ Kxd8 9. Nxe5 Ke8 10. f3 Bb7 11. Be3 Nd7 12. Nxd7 Kxd7 13. Rd1+ Ke6 14. Nc3 Bd6 15. Bd4 f6 16. Na4 h5 17. Bc5 Rab8 18. Rd3 Bc8 19. Rad1 Be5 20. b3 f5 21. Rd8 Rxd8 22. Rxd8 fxe4 23. fxe4 Bf6 24. Re8+ Kf7 25. Rf8+ Kg6 26. Kf2 Be5 27. g3 Ra8 28. Re8 Kf6 29. Ke3 Bb7 30. Rxa8 Bxa8 31. Bd4 Bb7 32. Nc5 Bc8 33. h4 g6 34. b4 Bxd4+ 35. Kxd4 g5 36. a4 gxh4 37. gxh4 Bg4 38. Nxa6 Bd1 39. Nc5 1-0

[Event "Winnipeg TNT April op"]
[Site "Winnipeg CAN"]
[Date "2012.04.10"]
[Round "2"]
[White "Babb, Jeff"]
[Black "Green, Aaron"]
[Result "1-0"]
[WhiteElo "2208"]
[BlackElo "1988"]
[PlyCount "67"]
[GameId "2160767909509929"]
[EventDate "2012.04.03"]
[EventType "swiss"]
[EventRounds "4"]
[EventCountry "CAN"]
[SourceTitle "EXT 2022"]
[Source "ChessBase"]
[SourceDate "2021.10.06"]
[SourceVersion "1"]
[SourceVersionDate "2021.10.06"]
[SourceQuality "1"]

1. f4 e5 2. fxe5 d6 3. exd6 Bxd6 4. Nf3 g5 5. g3 g4 6. Nh4 Be7 7. Ng2 h5 8. d4 h4 9. Bf4 h3 10. Ne3 c6 11. c3 Bg5 12. Bxg5 Qxg5 13. Qd3 f5 14. Nc4 Rh6 15. Qe3+ Qe7 16. Qxe7+ Nxe7 17. e3 Re6 18. Kf2 b5 19. Ne5 Nd7 20. Nxd7 Bxd7 21. Bd3 Nd5 22. Re1 O-O-O 23. Nd2 Rde8 24. e4 fxe4 25. Nxe4 Rf8+ 26. Kg1 Rf3 27. Nc5 Ref6 28. Nxd7 Kxd7 29. Be2 Rf2 30. Bxg4+ Kd6 31. Re2 Rg2+ 32. Rxg2 hxg2 33. Bh3 Ne3 34. Bxg2 1-0

[Event "Winnipeg TNT April op"]
[Site "Winnipeg CAN"]
[Date "2012.04.10"]
[Round "2"]
[White "Baron, Cody"]
[Black "Einarsson, Ken"]
[Result "0-1"]
[WhiteElo "1479"]
[BlackElo "1739"]
[PlyCount "60"]
[GameId "2160767909509930"]
[EventDate "2012.04.03"]
[EventType "swiss"]
[EventRounds "4"]
[EventCountry "CAN"]
[SourceTitle "EXT 2022"]
[Source "ChessBase"]
[SourceDate "2021.10.06"]
[SourceVersion "1"]
[SourceVersionDate "2021.10.06"]
[SourceQuality "1"]

1. Nf3 d5 2. d4 Nf6 3. c4 Bg4 4. Nc3 e6 5. Bg5 Be7 6. e3 h6 7. Bh4 O-O 8. Be2 Nbd7 9. O-O c6 10. a3 Bxf3 11. Bxf3 dxc4 12. a4 Nd5 13. Bxe7 Qxe7 14. Be2 Nxc3 15. bxc3 b5 16. Rb1 Rab8 17. Qc2 Nf6 18. e4 a6 19. f4 c5 20. Rf3 cxd4 21. cxd4 Rfd8 22. Rd1 Qa7 23. e5 Rxd4 24. Kh1 Rxd1+ 25. Qxd1 Ne4 26. Qe1 Qd4 27. h3 b4 28. Qc1 b3 29. Qxc4 Qxc4 30. Bxc4 b2 0-1

[Event "Winnipeg TNT April op"]
[Site "Winnipeg CAN"]
[Date "2012.04.10"]
[Round "2"]
[White "Cleto, Sam"]
[Black "Leaden, Bruce"]
[Result "1-0"]
[WhiteElo "1840"]
[BlackElo "1467"]
[PlyCount "45"]
[GameId "2160767909509931"]
[EventDate "2012.04.03"]
[EventType "swiss"]
[EventRounds "4"]
[EventCountry "CAN"]
[SourceTitle "EXT 2022"]
[Source "ChessBase"]
[SourceDate "2021.10.06"]
[SourceVersion "1"]
[SourceVersionDate "2021.10.06"]
[SourceQuality "1"]

1. Nf3 Nc6 2. d4 d5 3. c4 e6 4. a3 Nf6 5. e3 Be7 6. Bd3 O-O 7. O-O b6 8. Nc3 Na5 9. cxd5 exd5 10. h3 c5 11. Ne5 c4 12. Bc2 Ba6 13. Re1 Qc7 14. e4 Bb7 15. Bf4 dxe4 16. Nxe4 Nxe4 17. Rxe4 Bxe4 18. Bxe4 Rad8 19. Qh5 g6 20. Bxg6 fxg6 21. Qg4 Rxd4 22. Nxg6 Rdxf4 23. Nxf4+ 1-0

[Event "Winnipeg TNT April op"]
[Site "Winnipeg CAN"]
[Date "2012.04.10"]
[Round "2"]
[White "Kaptsan, Aron"]
[Black "Bince, Rolando"]
[Result "1-0"]
[WhiteElo "1953"]
[BlackElo "2126"]
[PlyCount "67"]
[GameId "2160767909509932"]
[EventDate "2012.04.03"]
[EventType "swiss"]
[EventRounds "4"]
[EventCountry "CAN"]
[SourceTitle "EXT 2022"]
[Source "ChessBase"]
[SourceDate "2021.10.06"]
[SourceVersion "1"]
[SourceVersionDate "2021.10.06"]
[SourceQuality "1"]

1. d4 d5 2. c4 c6 3. Nc3 Nf6 4. e3 a6 5. Bd3 e6 6. Nf3 dxc4 7. Bxc4 b5 8. Bd3 Bb7 9. O-O b4 10. Ne4 Nxe4 11. Bxe4 Nd7 12. Qc2 Rc8 13. Bd2 Nf6 14. Ne5 Nxe4 15. Qxe4 f5 16. Qf3 g6 17. Rfd1 Qd5 18. Qxd5 exd5 19. Nd3 a5 20. Rdc1 Bd6 21. Nc5 Ba8 22. a3 Bxc5 23. Rxc5 bxa3 24. Rxa3 Kd7 25. Rcxa5 Rb8 26. Bc3 Bb7 27. Ra7 Ke6 28. Kf1 Rhc8 29. Ke1 h5 30. h4 Kd7 31. Rb3 Rc7 32. Ba5 Ra8 33. Rxa8 Bxa8 34. Bxc7 1-0

[Event "Winnipeg TNT April op"]
[Site "Winnipeg CAN"]
[Date "2012.04.10"]
[Round "2"]
[White "Mundwiler, Les"]
[Black "Wasserman, Leor"]
[Result "1/2-1/2"]
[WhiteElo "2085"]
[BlackElo "1912"]
[PlyCount "141"]
[GameId "2160767909509934"]
[EventDate "2012.04.03"]
[EventType "swiss"]
[EventRounds "4"]
[EventCountry "CAN"]
[SourceTitle "EXT 2022"]
[Source "ChessBase"]
[SourceDate "2021.10.06"]
[SourceVersion "1"]
[SourceVersionDate "2021.10.06"]
[SourceQuality "1"]

1. d4 Nf6 2. c4 e5 3. d5 Bc5 4. Nc3 O-O 5. h3 h6 6. a3 d6 7. e3 Bf5 8. Bd3 Bxd3 9. Qxd3 c6 10. Nge2 cxd5 11. Nxd5 Nbd7 12. b4 Bb6 13. Bb2 Nxd5 14. Qxd5 Qc7 15. Rc1 Nf6 16. Qf3 a5 17. b5 Rac8 18. O-O Rfd8 19. Ng3 Qe7 20. Rfd1 Rd7 21. Qf5 Rdc7 22. Qd3 Rd8 23. Qb1 g6 24. Ne4 Nxe4 25. Qxe4 Rdc8 26. a4 Bc5 27. Kh1 Qe6 28. Qd5 Qxd5 29. cxd5 f5 30. Kg1 Kf7 31. Kf1 Bb4 32. Rxc7+ Rxc7 33. Rc1 Rxc1+ 34. Bxc1 Ke7 35. e4 f4 36. Ke2 b6 37. g3 g5 38. Kf3 fxg3 39. fxg3 Kf6 40. h4 Bc5 41. hxg5+ hxg5 42. Kg4 Kg6 43. Bxg5 Bb4 44. Bd8 Bc5 45. Bc7 Kf6 46. Bd8+ Kg6 47. Bg5 Bf2 48. Bd2 Bd4 49. Be1 Bc5 50. Kh4 Be3 51. g4 Bg5+ 52. Kh3 Be3 53. Bh4 Bc5 54. Bd8 Bd4 55. Bc7 Bc5 56. Bd8 Bd4 57. g5 Kh5 58. Kg3 Bc5 59. Kf3 Bd4 60. Ke2 Bc5 61. Kd3 Bf2 62. Kc4 Bc5 63. Bf6 Kg6 64. Kd3 Kh5 65. Ke2 Bd4 66. Kf3 Bc3 67. Ke3 Bd4+ 68. Kf3 Bc3 69. Ke3 Bd4+ 70. Kd3 Bc5 71. Ke2 1/2-1/2

[Event "Winnipeg TNT April op"]
[Site "Winnipeg CAN"]
[Date "2012.04.10"]
[Round "2"]
[White "Repa, Jason"]
[Black "Li, Kevin"]
[Result "1/2-1/2"]
[WhiteElo "1999"]
[BlackElo "2221"]
[PlyCount "68"]
[GameId "2160767909509935"]
[EventDate "2012.04.03"]
[EventType "swiss"]
[EventRounds "4"]
[EventCountry "CAN"]
[SourceTitle "EXT 2022"]
[Source "ChessBase"]
[SourceDate "2021.10.06"]
[SourceVersion "1"]
[SourceVersionDate "2021.10.06"]
[SourceQuality "1"]

1. f4 e5 2. fxe5 d6 3. exd6 Bxd6 4. Nf3 g5 5. g3 g4 6. Nh4 Ne7 7. d4 Ng6 8. Nxg6 hxg6 9. Qd3 Nc6 10. c3 Bf5 11. e4 Qe7 12. Bg2 O-O-O 13. Be3 Rde8 14. Nd2 Bd7 15. O-O-O f6 16. Nc4 Rh5 17. Bg1 a6 18. Rf1 Na5 19. Ne3 Qg7 20. b4 Nc6 21. Nd5 Rxd5 22. exd5 Nxb4 23. cxb4 Bb5 24. Qd2 Re2 25. Qc3 Qe7 26. Bf2 Bxb4 27. d6 Qxd6 28. Qb3 Ba3+ 29. Kd1 Rb2 30. Qg8+ Kd7 31. Qf7+ Kd8 32. Qg8+ Kd7 33. Qf7+ Kd8 34. Qg8+ Kd7 1/2-1/2

[Event "Winnipeg TNT April op"]
[Site "Winnipeg CAN"]
[Date "2012.04.10"]
[Round "2"]
[White "Swift, Ryne"]
[Black "Moncal, Nilo"]
[Result "0-1"]
[WhiteElo "1857"]
[BlackElo "2166"]
[PlyCount "114"]
[GameId "2160767909509936"]
[EventDate "2012.04.03"]
[EventType "swiss"]
[EventRounds "4"]
[EventCountry "CAN"]
[SourceTitle "EXT 2022"]
[Source "ChessBase"]
[SourceDate "2021.10.06"]
[SourceVersion "1"]
[SourceVersionDate "2021.10.06"]
[SourceQuality "1"]

1. e4 e6 2. d4 d5 3. exd5 Qxd5 4. Nf3 Nf6 5. c4 Qa5+ 6. Nc3 Ne4 7. Qa4+ Qxa4 8. Nxa4 Bd7 9. Nc3 Bb4 10. Bd2 Nxd2 11. Kxd2 Bc6 12. Be2 Ke7 13. a3 Bxc3+ 14. Kxc3 Nd7 15. Rad1 Nf6 16. Rhf1 Rad8 17. g3 b6 18. Ne5 Bb7 19. Bf3 Bxf3 20. Nxf3 Ne4+ 21. Kc2 h5 22. Rde1 Nd6 23. Kc3 Kf6 24. Ne5 h4 25. Re3 Nf5 26. Re4 c5 27. dxc5 bxc5 28. Nd3 Rc8 29. Re5 Nd6 30. Rfe1 Nb7 31. b4 cxb4+ 32. axb4 Rhd8 33. c5 Nd6 34. Nb2 Nb5+ 35. Kc4 a6 36. R5e3 Rd4+ 37. Kb3 a5 38. bxa5 Rxc5 39. Rd3 h3 40. Ree3 g5 41. g4 Rxg4 42. Rxh3 Nd4+ 43. Kb4 Rc2 44. Nd1 Nc6+ 45. Kb3 Rc5 46. Rc3 Nxa5+ 47. Kc2 Rf5 48. Rcf3 Rgf4 49. Rxf4 Rxf4 50. Kd2 Nc6 51. Ke3 Ne5 52. f3 Kg6 53. Nf2 f5 54. Rg3 Rh4 55. Rg2 Ra4 56. Nd3 Ra3 57. Rd2 Nc4+ 0-1

[Event "Winnipeg TNT April op"]
[Site "Winnipeg CAN"]
[Date "2012.04.17"]
[Round "3"]
[White "Czarny, Keith"]
[Black "Cleto, Sam"]
[Result "1/2-1/2"]
[WhiteElo "1698"]
[BlackElo "1840"]
[PlyCount "111"]
[GameId "2160767909509938"]
[EventDate "2012.04.03"]
[EventType "swiss"]
[EventRounds "4"]
[EventCountry "CAN"]
[SourceTitle "EXT 2022"]
[Source "ChessBase"]
[SourceDate "2021.10.06"]
[SourceVersion "1"]
[SourceVersionDate "2021.10.06"]
[SourceQuality "1"]

1. c4 Nf6 2. Nc3 e6 3. d4 d5 4. Bg5 Be7 5. e3 O-O 6. Nf3 Nfd7 7. Bxe7 Qxe7 8. cxd5 exd5 9. Nxd5 Qd6 10. Bc4 Nb6 11. Nxb6 Qxb6 12. Qb3 Qg6 13. g3 Nc6 14. Bd3 Qf6 15. Be4 Re8 16. Bxc6 bxc6 17. Ne5 c5 18. Qb5 Bh3 19. Qxc5 Rab8 20. b3 Qa6 21. Qc4 Qa5+ 22. Ke2 Be6 23. Qc1 Qb5+ 24. Kd2 Bd5 25. Rd1 c5 26. Qxc5 Qxc5 27. dxc5 Rxe5 28. Rac1 Bf3 29. Re1 Rd8+ 30. Kc3 Rxc5+ 31. Kb4 Rh5 32. h4 Rb8+ 33. Ka3 h6 34. Rc7 Ra5+ 35. Kb2 Rd8 36. Rc2 Bd1 37. Rc1 Rad5 38. f4 Rd2+ 39. Ka3 Bg4 40. e4 R8d6 41. Rc7 Ra6+ 42. Kb4 Raxa2 43. f5 a5+ 44. Kb5 Rdb2 45. Rc8+ Kh7 46. Rf8 Rxb3+ 47. Ka6 Be2+ 48. Ka7 f6 49. Rc1 Rab2 50. Rcc8 Rb7+ 51. Ka8 Rb8+ 52. Rxb8 Rxb8+ 53. Rxb8 Bd3 54. Rb3 Bxe4+ 55. Ka7 Bxf5 56. Ra3 1/2-1/2

[Event "Winnipeg TNT April op"]
[Site "Winnipeg CAN"]
[Date "2012.04.17"]
[Round "3"]
[White "Einarsson, Ken"]
[Black "Swift, Ryne"]
[Result "1/2-1/2"]
[WhiteElo "1739"]
[BlackElo "1857"]
[PlyCount "104"]
[GameId "2160767909509939"]
[EventDate "2012.04.03"]
[EventType "swiss"]
[EventRounds "4"]
[EventCountry "CAN"]
[SourceTitle "EXT 2022"]
[Source "ChessBase"]
[SourceDate "2021.10.06"]
[SourceVersion "1"]
[SourceVersionDate "2021.10.06"]
[SourceQuality "1"]

1. d4 d5 2. c4 Nf6 3. Nc3 e6 4. Bg5 Be7 5. e3 O-O 6. Nf3 h6 7. Bh4 c6 8. cxd5 exd5 9. Bd3 Be6 10. O-O Nbd7 11. Rc1 Re8 12. Re1 Bg4 13. h3 Be6 14. Qb3 Qb6 15. Qc2 Rac8 16. Ne2 Bd6 17. a3 Qc7 18. Bg3 Bxg3 19. Nxg3 Qd6 20. Qa4 Qb8 21. b4 Nf8 22. b5 Red8 23. bxc6 Rxc6 24. Rxc6 Bd7 25. Ne5 Bxc6 26. Nxc6 bxc6 27. Qxc6 Qb3 28. Qa6 Rd7 29. Rb1 Qa2 30. Nf5 Ne6 31. Rb8+ Kh7 32. Ne7+ Ne4 33. Bxe4+ dxe4 34. Nc6 Rc7 35. Rb7 Rxb7 36. Qxb7 Qxa3 37. Nxa7 Qc1+ 38. Kh2 Qc7+ 39. Qxc7 Nxc7 40. Kg3 g5 41. Nc6 Kg7 42. h4 Nd5 43. hxg5 hxg5 44. Kg4 Kg6 45. Ne5+ Kf6 46. Nxf7 Kxf7 47. Kxg5 Ke6 48. g4 Ne7 49. Kf4 Kd5 50. Kg3 Ke6 51. f4 Nd5 52. Kf2 Kf6 1/2-1/2

[Event "Winnipeg TNT April op"]
[Site "Winnipeg CAN"]
[Date "2012.04.17"]
[Round "3"]
[White "Green, Aaron"]
[Black "Wolchock, Theo"]
[Result "1-0"]
[WhiteElo "1988"]
[BlackElo "1771"]
[PlyCount "131"]
[GameId "2160767909509940"]
[EventDate "2012.04.03"]
[EventType "swiss"]
[EventRounds "4"]
[EventCountry "CAN"]
[SourceTitle "EXT 2022"]
[Source "ChessBase"]
[SourceDate "2021.10.06"]
[SourceVersion "1"]
[SourceVersionDate "2021.10.06"]
[SourceQuality "1"]

1. e4 c5 2. f4 e6 3. Nf3 Nc6 4. c4 Be7 5. Nc3 d6 6. d4 cxd4 7. Nxd4 Nf6 8. Be3 O-O 9. Be2 a6 10. O-O Bd7 11. g4 e5 12. Nf5 Bxf5 13. gxf5 Nd7 14. Nd5 Nf6 15. Bf3 Nxd5 16. cxd5 Nb8 17. fxe5 dxe5 18. Kh1 Nd7 19. Rg1 Bc5 20. Bxc5 Nxc5 21. Qc2 Rc8 22. Qg2 g6 23. Qg3 Nd3 24. Bg4 Nf4 25. fxg6 hxg6 26. Bxc8 Ne2 27. Qxe5 Nxg1 28. Bxb7 Nf3 29. Qf4 Qb6 30. Qxf3 Qxb2 31. Rd1 Qxb7 32. Kg2 Qb2+ 33. Qf2 Qe5 34. Re1 f5 35. Qg3 Qb2+ 36. Kg1 Qb6+ 37. Qe3 Qxe3+ 38. Rxe3 fxe4 39. Rxe4 Rd8 40. Re6 a5 41. Rxg6+ Kf7 42. Rg5 Rc8 43. Rf5+ Kg6 44. Rf2 Rc5 45. Rd2 Rc7 46. Kf2 Rf7+ 47. Ke3 Re7+ 48. Kd4 Rd7 49. Kc5 Rxd5+ 50. Rxd5 a4 51. Re5 a3 52. Kd6 Kf6 53. h4 Kg6 54. Ke6 Kg7 55. Rf5 Kg6 56. h5+ Kh6 57. Ra5 Kg7 58. Rxa3 Kh6 59. Rg3 Kxh5 60. Kf5 Kh6 61. Rg1 Kh7 62. Rg2 Kh8 63. Kf6 Kh7 64. Rg1 Kh8 65. Kf7 Kh7 66. Rh1# 1-0

[Event "Winnipeg TNT April op"]
[Site "Winnipeg CAN"]
[Date "2012.04.17"]
[Round "3"]
[White "Kaptsan, Aron"]
[Black "Babb, Jeff"]
[Result "1/2-1/2"]
[WhiteElo "1953"]
[BlackElo "2208"]
[PlyCount "104"]
[GameId "2160767909509941"]
[EventDate "2012.04.03"]
[EventType "swiss"]
[EventRounds "4"]
[EventCountry "CAN"]
[SourceTitle "EXT 2022"]
[Source "ChessBase"]
[SourceDate "2021.10.06"]
[SourceVersion "1"]
[SourceVersionDate "2021.10.06"]
[SourceQuality "1"]

1. d4 Nf6 2. b3 c5 3. d5 e6 4. dxe6 fxe6 5. Bb2 d5 6. g3 Nc6 7. Nf3 Qa5+ 8. Bc3 Qc7 9. Bg2 Bd6 10. O-O O-O 11. Bb2 b5 12. a4 b4 13. Nbd2 Ba6 14. Re1 c4 15. bxc4 dxc4 16. Bxf6 gxf6 17. Ne4 Be7 18. Qc1 Rad8 19. Qe3 Bc8 20. Ned2 Na5 21. Bh3 f5 22. Qh6 Bf6 23. Rab1 Bc3 24. Red1 Rd6 25. Nf1 Rfd8 26. Rxd6 Qxd6 27. e4 Qe7 28. exf5 exf5 29. Nh4 Rf8 30. Qh5 Qf7 31. Qxf7+ Rxf7 32. Ne3 Nc6 33. Bxf5 Bxf5 34. Nhxf5 Rf6 35. g4 Ne5 36. Kg2 Ra6 37. f4 Ng6 38. Kf3 Rxa4 39. Nd6 b3 40. cxb3 cxb3 41. Rxb3 Rxf4+ 42. Ke2 Bd4 43. h3 Ne5 44. Nef5 Rf2+ 45. Kd1 Rf1+ 46. Ke2 Rf2+ 47. Ke1 Nf3+ 48. Kd1 Bb6 49. Rc3 Rf1+ 50. Kc2 Nd4+ 51. Nxd4 Bxd4 52. Rc8+ Rf8 1/2-1/2

[Event "Winnipeg TNT April op"]
[Site "Winnipeg CAN"]
[Date "2012.04.17"]
[Round "3"]
[White "Li, Kevin"]
[Black "Mundwiler, Les"]
[Result "1-0"]
[WhiteElo "2221"]
[BlackElo "2085"]
[PlyCount "69"]
[GameId "2160767909509943"]
[EventDate "2012.04.03"]
[EventType "swiss"]
[EventRounds "4"]
[EventCountry "CAN"]
[SourceTitle "EXT 2022"]
[Source "ChessBase"]
[SourceDate "2021.10.06"]
[SourceVersion "1"]
[SourceVersionDate "2021.10.06"]
[SourceQuality "1"]

1. e4 c5 2. Nf3 d6 3. d4 cxd4 4. Qxd4 Nc6 5. Bb5 Bd7 6. Bxc6 Bxc6 7. Nc3 Nf6 8. Bg5 e6 9. O-O-O Be7 10. Rhe1 O-O 11. Kb1 Qa5 12. Bd2 Qc5 13. Qxc5 dxc5 14. Ne5 Rac8 15. Nxc6 Rxc6 16. Bg5 Rcc8 17. e5 Nd5 18. Bxe7 Nxe7 19. Rd7 Nd5 20. Nxd5 exd5 21. Rxd5 Rc7 22. f4 b6 23. c4 h5 24. Kc2 g6 25. Rd6 Re8 26. Kd3 Ree7 27. Ke4 f5+ 28. Kd5 Kg7 29. Re3 Kh7 30. Rg3 Rg7 31. e6 Rge7 32. Ke5 Kh6 33. Kf6 Rg7 34. h4 Rg8 35. e7 1-0

[Event "Winnipeg TNT April op"]
[Site "Winnipeg CAN"]
[Date "2012.04.17"]
[Round "3"]
[White "Milward, David"]
[Black "Campbell, Jamie"]
[Result "1/2-1/2"]
[WhiteElo "1717"]
[BlackElo "1572"]
[PlyCount "96"]
[GameId "2160767909509944"]
[EventDate "2012.04.03"]
[EventType "swiss"]
[EventRounds "4"]
[EventCountry "CAN"]

1. e4 d6 2. d4 Nf6 3. Nc3 g6 4. Bd3 Bg7 5. f3 O-O 6. Nge2 c5 7. Be3 cxd4 8. Nxd4 Nc6 9. Qd2 d5 10. Nxc6 bxc6 11. exd5 Nxd5 12. Nxd5 cxd5 13. c3 Bb7 14. O-O d4 15. cxd4 Bxd4 16. Rfd1 Qb6 17. Bxd4 Qxd4+ 18. Qf2 Rad8 19. Rac1 Rd6 20. Qxd4 Rxd4 21. Rc7 Ba6 22. Be2 Rxd1+ 23. Bxd1 Rb8 24. Bb3 Rb7 25. Rxb7 Bxb7 26. Kf2 e5 27. Ke3 Kg7 28. Bc4 f5 29. b4 g5 30. a4 h5 31. b5 Kf6 32. a5 f4+ 33. Kd3 g4 34. Ke2 Kg5 35. b6 axb6 36. axb6 e4 37. fxe4 Bxe4 38. Kf2 Bb7 39. Be2 h4 40. h3 f3 41. gxf3 gxh3 42. Bd3 h2 43. Kg2 h1=Q+ 44. Kxh1 Bxf3+ 45. Kh2 Bb7 46. Bf1 Kf4 47. Bg2 Ba6 48. Kh3 Kg5 1/2-1/2

[Event "Winnipeg TNT April op"]
[Site "Winnipeg CAN"]
[Date "2012.04.17"]
[Round "3"]
[White "Moncal, Nilo"]
[Black "Repa, Jason"]
[Result "0-1"]
[WhiteElo "2166"]
[BlackElo "1999"]
[PlyCount "70"]
[GameId "2160767909509945"]
[EventDate "2012.04.03"]
[EventType "swiss"]
[EventRounds "4"]
[EventCountry "CAN"]
[SourceTitle "EXT 2022"]
[Source "ChessBase"]
[SourceDate "2021.10.06"]
[SourceVersion "1"]
[SourceVersionDate "2021.10.06"]
[SourceQuality "1"]

1. e4 e6 2. d4 d5 3. exd5 exd5 4. Bd3 Bd6 5. Nf3 Ne7 6. O-O O-O 7. Bg5 f6 8. Bh4 Bf5 9. Re1 Bxd3 10. Qxd3 Qd7 11. c4 c6 12. Nc3 Bb4 13. Re2 Bxc3 14. bxc3 Na6 15. Bg3 Rfe8 16. Rb1 dxc4 17. Qxc4+ Nd5 18. Reb2 b5 19. Qd3 Nb6 20. h3 Nc5 21. Qc2 Nca4 22. Rb3 Nc4 23. Ra1 Nab6 24. Qd3 a5 25. Rbb1 a4 26. Re1 g6 27. Nh2 Nd5 28. Ng4 Rxe1+ 29. Rxe1 Re8 30. Rxe8+ Qxe8 31. Qf3 Qe6 32. Kh2 h5 33. Ne3 Ncxe3 34. fxe3 Qxe3 35. Be1 Qxe1 0-1

[Event "Winnipeg TNT April op"]
[Site "Winnipeg CAN"]
[Date "2012.04.17"]
[Round "3"]
[White "Wasserman, Leor"]
[Black "Bince, Rolando"]
[Result "1-0"]
[WhiteElo "1912"]
[BlackElo "2126"]
[PlyCount "69"]
[GameId "2160767909509947"]
[EventDate "2012.04.03"]
[EventType "swiss"]
[EventRounds "4"]
[EventCountry "CAN"]
[SourceTitle "EXT 2022"]
[Source "ChessBase"]
[SourceDate "2021.10.06"]
[SourceVersion "1"]
[SourceVersionDate "2021.10.06"]
[SourceQuality "1"]

1. e4 c5 2. Nf3 d6 3. d4 cxd4 4. Nxd4 Nf6 5. Nc3 a6 6. Bc4 e5 7. Nf3 Nc6 8. Ng5 Be6 9. Nxe6 fxe6 10. Bxe6 Nd4 11. Bb3 Qa5 12. O-O Nxb3 13. cxb3 Be7 14. Bg5 O-O 15. Bxf6 gxf6 16. Nd5 Bd8 17. Qg4+ Kh8 18. Qd7 Bb6 19. b4 Qb5 20. Qxb5 axb5 21. Nxb6 Ra6 22. Nd5 f5 23. f3 Rc8 24. a3 Rc2 25. Rab1 Kg7 26. Ne3 Rc8 27. Nxf5+ Kf6 28. Rfd1 Rd8 29. Rd5 Rc6 30. Rbd1 Rc2 31. R5d2 Rdc8 32. Rxd6+ Kg5 33. g3 R8c6 34. h4+ Kh5 35. g4# 1-0

[Event "Winnipeg TNT April op"]
[Site "Winnipeg CAN"]
[Date "2012.04.24"]
[Round "4"]
[White "Babb, Jeff"]
[Black "Li, Kevin"]
[Result "1/2-1/2"]
[WhiteElo "2208"]
[BlackElo "2221"]
[PlyCount "106"]
[GameId "2160767909509948"]
[EventDate "2012.04.03"]
[EventType "swiss"]
[EventRounds "4"]
[EventCountry "CAN"]
[SourceTitle "EXT 2022"]
[Source "ChessBase"]
[SourceDate "2021.10.06"]
[SourceVersion "1"]
[SourceVersionDate "2021.10.06"]
[SourceQuality "1"]

1. f4 Nf6 2. Nf3 c5 3. e3 e6 4. b3 a6 5. Bb2 Be7 6. Be2 d6 7. c4 Nc6 8. O-O O-O 9. Nc3 Qc7 10. g3 d5 11. d3 Rd8 12. Qc1 d4 13. exd4 cxd4 14. Nd1 b6 15. Nf2 Bb7 16. Ng5 Nd7 17. Nfe4 h6 18. Nf3 f5 19. Nf2 Nc5 20. Qd2 a5 21. Rae1 Bf6 22. Bd1 Re8 23. a3 Na6 24. g4 g6 25. h4 Bg7 26. g5 hxg5 27. hxg5 e5 28. Nh4 Qd6 29. Bf3 Nc7 30. Re2 exf4 31. Rxe8+ Rxe8 32. Nh3 Re3 33. Ng2 Ne6 34. Ngxf4 Nxf4 35. Nxf4 Rxf3 36. Rxf3 Ne5 37. Rf1 Nf3+ 38. Rxf3 Bxf3 39. Kf2 Bg4 40. Bc1 Be5 41. b4 axb4 42. axb4 Qc7 43. Kg1 Bxf4 44. Qxf4 Qxf4 45. Bxf4 Be2 46. Be5 Bxd3 47. Bxd4 Bxc4 48. Bxb6 Kf7 49. Kf2 Ke6 50. Ke3 Kd5 51. Kf4 Bb5 52. Bc5 Be8 53. Bf2 Bd7 1/2-1/2

[Event "Winnipeg TNT April op"]
[Site "Winnipeg CAN"]
[Date "2012.04.24"]
[Round "4"]
[White "Baron, Cody"]
[Black "Leaden, Bruce"]
[Result "0-1"]
[WhiteElo "1479"]
[BlackElo "1467"]
[PlyCount "66"]
[GameId "2160767909509949"]
[EventDate "2012.04.03"]
[EventType "swiss"]
[EventRounds "4"]
[EventCountry "CAN"]
[SourceTitle "EXT 2022"]
[Source "ChessBase"]
[SourceDate "2021.10.06"]
[SourceVersion "1"]
[SourceVersionDate "2021.10.06"]
[SourceQuality "1"]

1. d4 d5 2. c4 Nf6 3. cxd5 Nxd5 4. e4 Nf6 5. Nc3 e6 6. a3 Be7 7. Nf3 O-O 8. Bc4 c5 9. Be3 b6 10. O-O Bb7 11. Qc2 Nc6 12. Rad1 cxd4 13. Nxd4 Nxd4 14. Bxd4 Qc7 15. Bd3 Rfd8 16. Bxf6 Bxf6 17. Rc1 Rac8 18. Qe2 Qd6 19. Rfd1 Bxc3 20. e5 Qxe5 21. bxc3 Qxe2 22. Bxe2 Rxd1+ 23. Rxd1 Kf8 24. Rd7 Bd5 25. Rxa7 Rxc3 26. h3 Rc1+ 27. Kh2 Rc2 28. Bf3 Bxf3 29. gxf3 Rxf2+ 30. Kg3 Rb2 31. Kf4 g6 32. Kg5 Kg7 33. Rb7 Rb3 0-1

[Event "Winnipeg TNT April op"]
[Site "Winnipeg CAN"]
[Date "2012.04.24"]
[Round "4"]
[White "Bince, Rolando"]
[Black "Milward, David"]
[Result "1-0"]
[WhiteElo "2126"]
[BlackElo "1717"]
[PlyCount "43"]
[GameId "2160767909509950"]
[EventDate "2012.04.03"]
[EventType "swiss"]
[EventRounds "4"]
[EventCountry "CAN"]

1. e4 c5 2. Ne2 d6 3. d4 cxd4 4. Nxd4 Nf6 5. Nc3 g6 6. Bc4 Bg7 7. Bg5 O-O 8. Bb3 Nc6 9. Qd2 Bd7 10. Nxc6 Bxc6 11. f3 a5 12. O-O-O b5 13. Bd5 b4 14. Ne2 Qb6 15. Nf4 Rfc8 16. Kb1 a4 17. Bxc6 Qxc6 18. Bxf6 Bxf6 19. Nd5 Kg7 20. Nxb4 Qb6 21. a3 Ra7 22. c3 1-0